Qui sont ces médaillés en biathlon aux Jeux Olympiques 2026 ? - Statistiques

Statistiques générales
  • Ce quiz a été pris 109 fois
  • Le résultat moyen est 17 sur 20
Statistiques - réponses
Par images Hint Réponse % Correct
France Julia Simon
99%
France Lou Jeanmonnot
99%
France Eric Perrot
98%
Italie Lisa Vittozzi
98%
France Quentin Fillon-Maillet
98%
France Émilien Jacquelin
96%
France Océane Michelon
95%
Allemagne Franziska Preuß
91%
Italie Dorothea Wierer
86%
Suède Elvira Öberg
84%
Italie Tommaso Giacomel
80%
Norvège Johannes Dale-Skjevdal
78%
Norvège Johan-Olav Botn
77%
Norvège Sturla Holm Lægreid
77%
Finlande Suvi Minkkinen
77%
Norvège Maren Kirkeeide
75%
Suède Martin Ponsiluoma
72%
Norvège Vetle Sjåstad Christiansen
72%
Bulgarie Lora Hristova
63%
République Tchèque Tereza Vobornikova
58%
Aucun quiz correspondant
Distribution des résultats
% des personnes avec chaque résultat
Percentile par nombre de réponses
Votre historique - résultats
Vous n’avez pas pris ce quiz